000 00251nam a2200109Ia 4500
005 20251222142026.0
008 251222s9999||||xx |||||||||||||| ||spa||
082 _a869.56/I59G
245 0 _aEl Gaviota y Otros Cuentos
264 _bCEAPAZ
942 _cLIB
999 _c10804
_d10804